000 00692nam a2200229Ii 4500
003 JO-AjNU
008 230605s9999||||xx |||||||||||||| ||und||
017 _a2006/9/2527
020 _a9957-455-11-7
040 _aJO-AjNU
_bara
_erda
_cJO-AjNU
041 _aara
050 1 4 _aK3165.S52.2007
100 3 _a الشاوي ، منذر ,
_eauthor
_921482
245 0 0 _aالنظرية العامة في القانون الدستوري
250 _aط1
264 3 1 _aعمان : دار ورد ، 2007
300 _a333ص
336 _atext
_btxt
_2rdacontent
337 _aunmediated
_bn
_2rdamedia
338 _avolume
_bnc
_2rdacarrier
650 4 _aالقانون الدستوري
_921483
999 _aA7468
_c11036
_d11036